000 00392nam a2200109Ia 4500
008 160531s9999 xx 000 0 und d
100 _aLandrum, Michele Angell.
245 _aFast Facts For The Critical Care Nurse: Critical Care Nursing In A Nutshell
245 _cBy:Michele Angell Landrum
260 _c2011
856 _uhttp://file.ebook777.com/017/FasFacForTheCriCarNurCriCarNurInANut.pdf
999 _c295509
_d295509